Five brave explorers / (Record no. 110397)
[ view plain ]
| 000 -LEADER | |
|---|---|
| fixed length control field | 00680nam a2200217 a 4500 |
| 001 - CONTROL NUMBER | |
| control field | 4084 |
| 005 - DATE AND TIME OF LATEST TRANSACTION | |
| control field | 20140414131855.0 |
| 008 - FIXED-LENGTH DATA ELEMENTS--GENERAL INFORMATION | |
| fixed length control field | 081222s19uu xx 00 eng d |
| 020 ## - INTERNATIONAL STANDARD BOOK NUMBER | |
| International Standard Book Number | 0-590-48032-4 |
| 050 ## - LIBRARY OF CONGRESS CALL NUMBER | |
| Classification number | M 973 |
| Item number | H86 1995 |
| 100 ## - MAIN ENTRY--PERSONAL NAME | |
| Personal name | Hudson, Wade. |
| 245 ## - TITLE STATEMENT | |
| Title | Five brave explorers / |
| Statement of responsibility, etc | by Wade Hudson ; illustrated by Ron Garnett. |
| 260 ## - PUBLICATION, DISTRIBUTION, ETC. (IMPRINT) | |
| Place of publication, distribution, etc | New York : |
| Name of publisher, distributor, etc | Scholastic, |
| Date of publication, distribution, etc | c1995. |
| 300 ## - PHYSICAL DESCRIPTION | |
| Extent | 48 p. : ill. (some col.), col. |
| 440 ## - SERIES STATEMENT/ADDED ENTRY--TITLE | |
| Title | Great Black heroes |
| 500 ## - GENERAL NOTE | |
| General note | "Cartwheel books." Grade 2-3. Ages 7-9. |
| 650 ## - SUBJECT ADDED ENTRY--TOPICAL TERM | |
| Topical term or geographic name as entry element | African American explorers |
| General subdivision | Biography |
| -- | Juvenile literature. |
| 700 ## - ADDED ENTRY--PERSONAL NAME | |
| Personal name | Garnett, Ron, ill. |
| Withdrawn status | Lost status | Damaged status | Use restrictions | Home library | Current library | Shelving location | Date acquired | Source of acquisition | Cost, normal purchase price | Total Checkouts | Full call number | Barcode | Date last seen | Price effective from | Koha item type |
|---|---|---|---|---|---|---|---|---|---|---|---|---|---|---|---|
| Munich Library | Munich Library | Main Section | 12/22/2008 | 165.00 | M 973 H86 1995 | M0790 | 04/14/2014 | 04/14/2014 | Books | ||||||
| Munich Library | Munich Library | Main Section | 08/25/2010 | 165.00 | M 973 H86 1995 | M0811 | 04/14/2014 | 04/14/2014 | Books |